|
|
|
|
| LEADER |
01179nam a2200313 a 4500 |
| 001 |
41475 |
| 003 |
BD-DhAAL |
| 005 |
20231002160943.0 |
| 008 |
230210t1998 mau b 001 0 eng |
| 010 |
|
|
|a 97077132
|
| 020 |
|
|
|a 0205277772
|
| 040 |
|
|
|a DLC
|c DLC
|d BD-DhAAL
|
| 050 |
0 |
0 |
|a LB1065
|b .S82 1998
|
| 082 |
0 |
0 |
|a 370.154
|2 21
|
| 100 |
1 |
|
|a Stipek, Deborah J.,
|d 1950-
|9 55640
|
| 245 |
1 |
0 |
|a Motivation to learn :
|b from theory to practice /
|c Deborah Stipek.
|
| 250 |
|
|
|a Third edition
|
| 260 |
|
|
|a Boston :
|b Allyn and Bacon,
|c c1998.
|
| 300 |
|
|
|a xiv, 301 pages ;
|c 23 cm.
|
| 504 |
|
|
|a Includes bibliographical references (p. 251-287) and indexes.
|
| 526 |
|
|
|a BIED
|
| 541 |
|
|
|a Complimentary copy from BIED
|e 41475
|
| 650 |
|
0 |
|a Motivation in education.
|
| 650 |
|
0 |
|a Achievement motivation in children.
|9 55641
|
| 650 |
|
0 |
|a Learning, Psychology of.
|
| 852 |
|
|
|a Ayesha Abed Library
|c BIED Collection
|
| 942 |
|
|
|2 ddc
|c BK
|
| 999 |
|
|
|c 46197
|d 46197
|
| 952 |
|
|
|0 0
|1 0
|2 ddc
|4 0
|6 370_154000000000000_STI
|7 0
|9 74504
|a BRACUL
|b BRACUL
|c GEN
|d 2023-10-02
|e Complimentary copy from BIED
|l 0
|o 370.154 STI
|p 3010041475
|r 2023-10-02
|t 1
|w 2023-10-02
|y BK
|x Transferred from BIED to General Stacks
|